Medzinárodné vzťahy 2016 aktuálne otázky svetovej ekonomiky a politiky : zborník príspevkov zo 17. medzinárodnej vedeckej konferencie : Zámok Smolenice, 1. - 2. december 2016

Na minha lista:
Detalhes bibliográficos
Corporate Authors: Medzinárodné vzťahy 2016: aktuálne otázky svetovej ekonomiky a politiky. Medzinárodná vedecká konferencia, Ekonomická univerzita v Bratislave. Fakulta medzinárodných vzťahov
Outros Autores: Kadvanová, Katarína, Klenka, Michal, Valačai, Peter, 1989-, Vlková, Eva, 1953-, Balhar, Víťazoslav, Strážovská, Helena
Formato: Livro
Idioma:eslovaco
inglês
Publicado em: Bratislava EKONÓM publishing 2016
Edição:1. vyd.
Assuntos:
Tags: Adicionar Tag
Sem tags, seja o primeiro a adicionar uma tag!

MARC

LEADER 00000nlm$a2200000$$$4500
001 0228771
005 20240502073750.3
020 |a 978-80-225-4365-1 
041 0 |a slo 
041 0 |a eng 
044 |a SK 
245 1 0 |a Medzinárodné vzťahy 2016  |b aktuálne otázky svetovej ekonomiky a politiky : zborník príspevkov zo 17. medzinárodnej vedeckej konferencie : Zámok Smolenice, 1. - 2. december 2016  |c zostavovatelia/editors: Katarína Kadvanová, Michal Klenka, Peter Valačai, Eva Vlková ; recenzenti/reviewers: Víťazoslav Balhar, Helena Strážovská 
250 |a 1. vyd. 
264 1 |a Bratislava  |b EKONÓM publishing  |c 2016 
300 |a online [1192 s., 95,67 AH] 
610 2 0 |a hospodárstvo svetové 
610 2 0 |a politika medzinárodná 
610 2 0 |a politika svetová 
610 2 0 |a vzťahy hospodárske medzinárodné 
610 2 0 |a vzťahy politické medzinárodné 
610 2 0 |a vzťahy interkultúrne 
610 2 0 |a právo medzinárodné 
610 2 0 |a Európska únia 
610 2 0 |a Organizácia spojených národov 
610 2 0 |a juhovýchodná Ázia 
610 2 0 |a politika environmentálna 
610 2 0 |a geopolitika 
610 2 0 |a diplomacia 
700 1 |a Kadvanová, Katarína 
700 1 |a Klenka, Michal 
700 1 |a Valačai, Peter, 1989- 
700 1 |a Vlková, Eva, 1953- 
700 1 |a Balhar, Víťazoslav 
700 1 |a Strážovská, Helena 
110 2 |a Medzinárodné vzťahy 2016: aktuálne otázky svetovej ekonomiky a politiky. Medzinárodná vedecká konferencia 
710 2 |a Ekonomická univerzita v Bratislave. Fakulta medzinárodných vzťahov